| 000 | 00540nam a22001817a 4500 | ||
|---|---|---|---|
| 005 | 20231213061015.0 | ||
| 008 | 231213b |||||||| |||| 00| 0 eng d | ||
| 020 | _a9780639012865 | ||
| 041 | _aEnglish | ||
| 082 | _a343.4 CLE | ||
| 100 |
_aClegg, D _lEnglish |
||
| 245 |
_aConcise Guide to Employee Taxation / _cD Clegg |
||
| 250 | _a16th Edition | ||
| 260 |
_aDurban : _bLexisNexis (Pty) Ltd, _c2022 |
||
| 300 |
_bviii, 175 pages ; _c22 cm. |
||
| 650 |
_aLegal practice _bLaw |
||
| 942 |
_cBK _6ALISON_BN_VRIES |
||
| 999 |
_c1186 _d1186 |
||